000 00650cam a2200241Ii 4500
008
049 _aMAIN
090 _aRS187
_bCLA
100 1 _aClark, A. J.
245 1 0 _aApplied pharmacology /
_c Clark.A,J.
250 _a6th ed.
260 _aPhiladelphia :
_bBlakiston,
_c1938.
300 _aix, 678 p. :
_bill. ;
_c23 cm.
500 _aIncludes index.
504 _aIncludes bibliographical references.
650 0 _aPharmacology.
650 2 _aDrug Therapy.
907 _a.b10339905
_b30-09-14
_c11-03-14
003
005 20230120204134.0
040 _cNUST
942 _cBOOKS
_kRS187
_mCLA
999 _c117839
_d117839